000 00484nam a2200193Ia 4500
003 GCL
008 140319s9999 xx 000 0 eng d
040 _aGCL /
_cGCL
082 0 4 _a732
_bV S
100 1 _aVANDIER, JACQUES
245 1 0 _aLA SCLPTURE EGYPIENNE /
_cVANDIER, JACQUES
260 _a[S.N] :
_bFERNAND HAZAN ،
_c1951
300 _a96 P
650 0 4 _aحسن فتحى
650 0 4 _aARTS
650 0 4 _aART, EGYPTIAN
650 0 4 _aEGYPT - CIVILIZATION
942 _2ddc
_cBK
999 _c19713
_d19713